000
00328 a2200157 4500
001
56595
020
_a
040
_c
Anchieta - Pituba
100
_a
Carneiro, Caio Porfírio
240
1
0
_a
Três caminhos
_l
por
245
1
0
_a
Três caminhos
300
_a
109
362
0
_a
1988
650
4
_a
Literatura juvenil
942
_c
BK
999
_c
56595
_d
56595